000 01087nam a22002657a 4500
005 20100529153134.0
008 100529t xxu||||| |||| 00| 0 eng d
010 _aENG-96197
020 _a9788121512152
_c695.00
035 _aEN-79730
037 _bDBAD/PUB
040 _aDPL
_bEng
082 _a362.1982420095456
100 _aVallianatos, Helen
_921644
245 _aPoor and pregnant in New Delhi, India /
_cby Helen Vallianatos
260 _aNew Delhi
_bMunshirm Manoharlal Publishers
_c2010
270 _a54 Rani Jhansi Road,
_bNew Delhi
_e110055
300 _axiii, 247p,;
_c22cm. (pbk)
_bill., map
500 _aincludes bibliographical references and index
650 _aPregnancy -- India -- New Delhi -- Nutritional aspects.
_921645
650 _aPregnant women -- Nutrition -- India -- New Delhi.
_921646
650 _aPoor women -- Nutrition -- India -- New Delhi.
_921647
942 _2ddc
_cEN
_mVAL
_h362.1982420095456
999 _c36390
_d36390